| 000 | 00000nam##2200000za#4500 |
| 001 | 9.619254 |
| 003 | CaOODSP |
| 005 | 20210615103343 |
| 007 | ta |
| 008 | 150406|2008||||xxc||||| f|0| 0 eng|d |
| 022 | |a0706-6473 |
| 040 | |aCaOODSP|beng |
| 043 | |an-cn--- |
| 086 | 1 |aFs97-4/2841E |
| 110 | 1 |aCanada. |bDepartment of Fisheries and Oceans. |
| 245 | 10|aWest Coast Vancouver Island groundfish bottom trawl survey, R/V WE Ricker, May 23rd to June 19th, 2006 / |c[By] G.D. Workman ... [et al.] |
| 260 | |aNanaimo - British Columbia : |bFisheries and Oceans Canada |c2008. |
| 300 | |aviii, 83p. : |bgraphs, maps, references, tables, photographs ; |c28 cm. |
| 490 | 1 |aCanadian manuscript report of fisheries and aquatic sciences|x0706-6473|vNo. 2841 |
| 500 | |aIncorrect catalogue number (97-4/2841E) printed in this publication. "Fisheries and Oceans Canada, Science Branch, Pacific Region, Pacific Biological Station, Nanaimo, British Columbia, V9T 6N7". |
| 546 | |a(Résumé en français) |
| 563 | |aSoftcover |
| 590 | |a09-11|b2009-03-13 |
| 720 | 1 |aWorkman, G. D. |
| 776 | 0#|tWest Coast Vancouver Island groundfish bottom trawl survey, R/V WE Ricker, May 23rd to June 19th, 2006 / |w(CaOODSP)9.580137 |
| 830 | #0|aCanadian manuscript report of fisheries and aquatic sciences,|x0706-6473|vNo. 2841|w(CaOODSP)9.514688 |